Statistiche per Riconosci lo Stato - Quiz n°142

Clicka qui per fare il quiz!

Statistiche generali

  • Questo quiz è stato fatto 6 volte
  • Il punteggio medio è 11 su 13

Statistiche sulle risposte

IndizioRisposta% Corretto
Popolazione71 991 ab.
100%
Tasso di crescita0,25%
83%
ISU0,742
83%
PIL (nominale)504 milioni di $
83%
Superficie754 km²
83%
Indipendenzadal Regno Unito, 3 novembre 1978
83%
ValutaDollaro
83%
Iniziale della CapitaleR
83%
Forma di GovernoRepubblica parlamentare
83%
Primo ministroRoosevelt Skerrit
83%
Presidente della RepubblicaSylvanie Burton
83%
Fuso OrarioUTC-4
83%
RispostaDominica
67%

Distribuzione punteggi

Percentile per numero di risposta

Percentuale di utenti per punteggio

I tuoi punteggi nel tempo

Non hai fatto questo quiz